A perspective on infantry / (Record no. 185601)
[ view plain ]
| 000 -LEADER | |
|---|---|
| fixed length control field | 01060 a2200205 4500 |
| 003 - CONTROL NUMBER IDENTIFIER | |
| control field | NUST |
| 005 - DATE AND TIME OF LATEST TRANSACTION | |
| control field | 20221229165331.0 |
| 010 ## - LIBRARY OF CONGRESS CONTROL NUMBER | |
| LC control number | 81005230 |
| 020 ## - INTERNATIONAL STANDARD BOOK NUMBER | |
| International Standard Book Number | 0030596998 |
| 040 ## - CATALOGING SOURCE | |
| Transcribing agency | Nust |
| 082 00 - DEWEY DECIMAL CLASSIFICATION NUMBER | |
| Classification number | 356.1,ENG |
| 100 1# - MAIN ENTRY--PERSONAL NAME | |
| Personal name | English, John A. |
| 9 (RLIN) | 73702 |
| 245 12 - TITLE STATEMENT | |
| Title | A perspective on infantry / |
| Statement of responsibility, etc. | John A. English. |
| 260 ## - PUBLICATION, DISTRIBUTION, ETC. | |
| Place of publication, distribution, etc. | New York : |
| Name of publisher, distributor, etc. | Praeger, |
| Date of publication, distribution, etc. | 1981. |
| 300 ## - PHYSICAL DESCRIPTION | |
| Extent | xxi, 345 p. : |
| Other physical details | ill. ; |
| Dimensions | 25 cm. |
| 505 ## - FORMATTED CONTENTS NOTE | |
| Formatted contents note | An Epoch-Making Change: The Decentralization of Infantry Tactics (Page-1), Handyman of battle : Enduring the Shock of Armor (Page-30), The Blindness of A Mole: Comparative Tactics and Infantry Between Wars (Page-49), Far-Weather War: Of Infantry and blitzkrieg (Page-70),The Backbone of Land Forces : Infantry of the Eastern Front (Page-90), Cutting Edge of Battle: Second Front Infantry (Page-128), Cinderella of the Army (Page-165), Beyond Deterrence (Page-197), Foul-weather Warriors : Toward A Perfection of Infantry (Page-231). |
| 650 #0 - SUBJECT ADDED ENTRY--TOPICAL TERM | |
| Topical term or geographic name entry element | Infantry drill and tactics. |
| 650 #0 - SUBJECT ADDED ENTRY--TOPICAL TERM | |
| Topical term or geographic name entry element | Infantry. |
| 9 (RLIN) | 48921 |
| 942 ## - ADDED ENTRY ELEMENTS (KOHA) | |
| Source of classification or shelving scheme | |
| Koha item type | Book |
| Call number prefix | 356.1,ENG |
| Withdrawn status | Lost status | Source of classification or shelving scheme | Damaged status | Not for loan | Permanent Location | Current Location | Shelving location | Date acquired | Full call number | Barcode | Date last seen | Price effective from | Koha item type | Public note |
|---|---|---|---|---|---|---|---|---|---|---|---|---|---|---|
| Military College of Signals (MCS) | Military College of Signals (MCS) | General Stacks | 12/12/2016 | 356.1,ENG | MCS21528 | 12/08/2016 | 12/12/2016 | Book | Almirah No.53, Shelf No.4 |
